Editor krúžkov pre systém tvorby rozvrhov /
Salvato in:
| Autore principale: | |
|---|---|
| Altri autori: | |
| Natura: | Manoscritto Libro |
| Lingua: | slovacco |
| Pubblicazione: |
Bratislava :
Slovenská technická univerzita v Bratislave
1994,
|
| Tags: |
Nessun Tag, puoi essere il primo ad aggiungerne!!
|
MARC
| LEADER | 00000ntm a22000003a 4500 | ||
|---|---|---|---|
| 001 | 0065257 | ||
| 003 | SK-STU | ||
| 005 | 20180525154441.2 | ||
| 007 | ta | ||
| 008 | 180525s2018----xo-----f-mn---000-0-slo-d | ||
| 040 | |a STU |b slo | ||
| 041 | 0 | |a slo | |
| 044 | |a xo |c SK | ||
| 100 | 1 | |a Mihál, Miroslav |4 aut | |
| 245 | 1 | 0 | |a Editor krúžkov pre systém tvorby rozvrhov / |c aut. Miroslav Mihál ; škol. Miroslav Galbavý |
| 260 | |c 1994, |a Bratislava : |b Slovenská technická univerzita v Bratislave | ||
| 700 | 1 | |a Galbavý, Miroslav |4 ths | |
| 996 | |c I*DP56/94 |l II680 |s P |a 0 |w 0065257_0001 | ||